000 00767nam a2200241Ia 4500
003 OSt
005 20221005112922.0
006 a|||||r|||| 00| 0
007 ta
008 221004b |||||||| |||| 00| 0 pan d
020 _c95
024 _a11425
037 _b835, 20/03/2014, H.K. Prakashan
_cTextual
040 _aCRL
_cCRL
_bpan
041 _2pan
_apan
082 _aU8.73, 153N6
100 _aਗਾਰਗੀ, ਬਲਵੰਤ
245 0 _aਪਤਾਲ ਦੀ ਧਰਤੀ
260 _aਦਿੱਲੀ
_bਨਵਯੁਗ ਪਬੁਲਿFਰਗ਼ ਭਾਰਤ
_c1996
300 _a149ਪੰ
_ccm.
942 _hU8.73, 153N6
_cTEXL
_2cc
999 _c1026415
_d1026415